1586 1093 1822 1665 1480 1808 1086 1392 1037 1976 1698 1135 1632 1231 1922 1272 1366 1987 1261 1782 1164 1490 1149 1200 1681 1189 1719 1247 1421 1313 1448 1850 1950 1001 1488 1953 1373 1903 1324 1710 1279 1385 1224 1349 1111 1989 1247 1374 1675 1408 1159 1815 1804 1054 1821 1133 1665 1097 1151 1535 1108 1823 1362 1553 1572 1198 1322 1263 1731 1253 1082 1650 1906 1636 1194 1320 1695 1659 1339 1093 1173 1643 1305 1622 1223 1587 1262 1052 1985 1226 1861 1481 1690 1612 1351 1941 1997 1020 1488 BCNSPRNW ULIB Ver.6.0+V

เปลี่ยนเป็นภาษาไทย

Change to English
 แสดงรายละเอียดบรรณานุกรม
  กลับหน้าหลัก

Brief Record : Get Marc (ISO 2709) : E-mail record : QR code < ปิดหน้าต่าง
LEADER : 00000nam 2200000uu 4500
001    13399127964
003     ULIB
008    020711s2563 th a 000 0 tha d
020    ^a9786164980211
050    ^bนว.^bต-ต
100    ^aติกาหลัง
245    ^aติณณภพที่รัก
250    ^aพิมพ์ครั้งที่ 1
260    ^aกรุงเทพฯ :^bแสนรัก,^c2563
300    ^a296 หน้า;^b21 ซม.
650    ^aนวนิยาย
945    ^p275^l0^i008554
999    ^aประนอม เกษจรัล
รายการนี้ยังไม่มีแท็ก
คุณยังไม่ได้ล็อกอิน คุณสามารถมีกิจกรรมร่วมกับเว็บไซต์ได้ แต่ต้องล็อกอินก่อน ::
  ล็อกอิน

รายการสื่อสารสนเทศ

ลำดับที่ ประเภท เลขเรียก/บาร์โค้ด สถานที่ สถานะ
1. นวนิยาย
นวนิยาย
นว. ต-ต ฉ.1 
  Barcode: 008554
ห้องสมุดวิทยาเขตสวรรค์ประชารักษ์
►นวนิยาย
ถูกยืม กำหนดส่งวันที่ 10 สิงหาคม 2566
  จอง

รายการใกล้เคียง
    ชื่อเรื่อง [ติณณภพที่รัก]

    ผู้แต่ง [ติกาหลัง]

    หัวเรื่อง [นวนิยาย]

BibComment


ยังไม่เคยถูกคอมเมนท์

คอมเมนท์ทรัพยากรรายการนี้
  คอมเมนท์: ติณณภพที่รัก


 Copyright 2026. Bcnsprnw @Library